000 00759nam a2200301 a 4500
003 AR-BaBNM
005 20251128204805.0
008 082120s2002 ||||||||||||||000 | spa||
020 _a968-16-0801-1
040 _cAR-BaBNM
100 1 _aDunn, John
245 0 0 _aLa teoría política de occidente ante el futuro
250 _a1ª ed.
260 _aMéxico, D.F.
_bFondo de Cultura Económica
_c1981
300 _a240 p.
490 0 _aBreviarios
_vv. 313
650 4 _aREVOLUCION
650 4 _aLIBERALISMO
650 4 _aNACIONALISMO
650 4 _aDEMOCRACIA
650 4 _aDOCTRINAS POLITICAS
650 4 _aTEORIA POLITICA
650 4 _aTEORIA POLITICA
650 4 _aPODER POLITICO
650 4 _aGOBIERNO
942 _cBK
998 _cGLORIA
999 _c8836
_d8836